MARC

LEADER 00000nam0a2200000 4500
001 352791
005 20231102010531.0
035 |a (RuTPU)RU\TPU\retro\9592 
090 |a 352791 
100 |a 20200206d1904 k y0engy50 ba 
101 0 |a eng 
102 |a GB 
105 |a af z 001zy 
200 1 |a Microscopic Analysis of Metals  |f F. Osmond  |g edited by. J. E. Stead 
210 |a London  |c Charles Griffin & Company Limited  |d 1904 
215 |a 178 p.  |c il. 
320 |a Index: p. 173-178 
541 1 |a Микроскопический анализ металлов  |z eng 
606 1 |a Металлы  |x Микроскопические исследования  |2 stltpush  |3 (RuTPU)RU\TPU\subj\43145  |9 62703 
610 1 |a микроскопический анализ 
610 1 |a строение 
610 1 |a исследования 
610 1 |a методы 
610 1 |a металлография 
610 1 |a углеродистые стали 
610 1 |a сплавы 
610 1 |a состав 
610 1 |a термическая обработка 
610 1 |a микрофотографии 
610 1 |a оборудование 
610 1 |a аппараты 
610 1 |a микроструктура 
610 1 |a металлографический анализ 
610 1 |a английский язык 
675 |a 669:620.18  |v 4 
700 1 |a Osmond  |b F.  |g Floris 
702 1 |a Stead  |b J. E.  |4 340 
801 1 |a RU  |b 63413507  |c 20200206 
801 2 |a RU  |b 63413507  |c 20200622  |g RCR 
942 |c BK